Loading...
| Mythology | 2 | 2 | 2 | 0 | 40 | 56 | 77.00 | 0 | 2 | 18.32 | 30.56 |
| History - European | 2 | 1 | 0 | 1 | 40 | 53 | 65.00 | 1 | 3 | 15.85 | 25.00 |
| Science - Other | 2 | 0 | 0 | 0 | 30 | 29 | 30.00 | 2 | 2 | 18.50 | 21.88 |
| Religion | 1 | 1 | 0 | 0 | 25 | 17 | 38.50 | 1 | 2 | 15.80 | 18.06 |
| Other Academic | 1 | 0 | 0 | 0 | 15 | 54 | 54.00 | 0 | 0 | 19.59 | 12.50 |
| Science - Chemistry | 1 | 0 | 0 | 0 | 15 | 21 | 21.00 | 1 | 1 | 8.87 | 11.11 |
| Social Science | 0 | 1 | 0 | 1 | 10 | 119 | 119.00 | 0 | 0 | 0.09 | 1.39 |
| Fine Arts - Other | 0 | 1 | 0 | 0 | 10 | 96 | 96.00 | 0 | 1 | 3.15 | 8.33 |
| History - Ancient/Other | 0 | 1 | 0 | 1 | 10 | 104 | 104.00 | 0 | 0 | 2.21 | 7.14 |
| History - Other | 0 | 1 | 0 | 1 | 10 | 85 | 85.00 | 0 | 0 | 18.52 | 25.00 |
| Science - Physics | 0 | 1 | 0 | 1 | 10 | 118 | 118.00 | 0 | 0 | 0.19 | 4.17 |
| History - American | 0 | 0 | 1 | 0 | -5 | 0.00 | 0 | 0 | 0.00 | 0.00 | |
| Fine Arts - Classical Music | 0 | 0 | 1 | 0 | -5 | 0.00 | 0 | 0 | 0.00 | 0.00 | |
| Science - Biology | 0 | 0 | 1 | 0 | -5 | 0.00 | 0 | 0 | 0.00 | 0.00 |